本田圭佑がプロ契約した国 - Statistics

General Stats
  • This quiz has been taken 161 times
  • The average score is 6 of 11
Answer Stats
期間 答え % Correct
2014-2017 イタリア(ミラン)
96%
2005-2007 日本(名古屋グランパスエイト)
95%
2010-2013 ロシア(CSKAモスクワ)
72%
2019 オランダ(フィテッセ)
65%
2008-2009 オランダ(VVVフェンロー)
65%
2017-2018 メキシコ(パチューカ)
55%
2019 ブラジル(ボタフォゴ)
54%
2018-2019 オーストラリア(メルボルン・ビクトリー)
43%
2024 ブータン(パロFC)
26%
2021 アゼルバイジャン(ネフチ・バクー)
24%
2021 リトアニア(スードゥヴァ・マリヤンポレ)
18%
No matching quizzes found
Score Distribution
Percent of People with Each Score
Percentile by Number Answered
Your Score History
You have not taken this quiz